| 000 | 00922nam a2200241Ia 4500 | ||
|---|---|---|---|
| 999 |
_c50888 _d50888 |
||
| 001 | 17843 | ||
| 003 | GE_BSU | ||
| 005 | 20200226143148.0 | ||
| 008 | 181216s2002ru xx |||||||||||||| ||rus|| | ||
| 020 | _a9785204003170 | ||
| 040 | _cGE_BSU | ||
| 041 | _arus | ||
| 080 | _a81'25+811.111 В-67 | ||
| 100 |
_aВолкова,З.Н. _97495 |
||
| 245 |
_aНаучно-технический перевод. Английский и русккий языки : _bМедицина, инженерное дело, сельское хозяйство / _cЗ.Н. Волкова |
||
| 250 | _aВыпуск 1. Изд-е 2 | ||
| 264 |
_aМосква : _bИзд-во УРАО, _c2002. |
||
| 300 |
_a104 стр. : _c22 см. |
||
| 653 | _aАнглийский и русккий языки | ||
| 653 | _aНаучно-технический перевод | ||
| 653 | _aთარგმნის თეორია | ||
| 942 |
_cBK _2udc |
||